000 00521nam a2200169Ia 4500
003 GCL
008 140319s9999 xx 000 0 eng d
040 _aGCL /
_cGCL
082 0 4 _a658.802
_bH F
100 1 _aHATHAWAY BATES, JOHEN
245 1 0 _aFAST TRACK MARKETING: IMPLEMENTING INNOVATIVE TACTICS IN THE GOLBAL MARKET PACE /
_cHATHAWAY BATES, JOHEN
260 _a[S.N] :
_bVAN NOSTRAND REINHOLD ،
_c1993
300 _a330 P
650 0 4 _aMARKETING - PLANNING
650 0 4 _aMARKETING - MANAGEMENT
942 _2ddc
_cBK
999 _c19577
_d19577